000 00321nam a22001337a 4500
008 181023b xxu||||| |||| 00| 0 eng d
020 _a9781439086063
041 _aeng
080 _25th
_a371
100 _a46
101 _aEDU
245 _aFoundations a Reader for new College Students
_cGordon,V.N
942 _2udc
_cBK
999 _c50565
_d50565